000 00268nam a22001217a 4500
008 180924b xxu||||| |||| 00| 0 eng d
041 _aeng
080 _a316
100 _a50
101 _aSOC
245 _aTransnational Communications
_cSussman, G
942 _2udc
_cBK
999 _c48380
_d48380